Ерата на вечерното токшоу (Запис номер 433747)
[ съкратено ]
| 000 -Лидер | |
|---|---|
| Контролно поле с фиксирана дължина | nam a22 a 4500 |
| 003 - Код на организацията, давaща контролен номер | |
| Контролно поле | BLK |
| 005 - Дата и час на последна редакция | |
| Контролно поле | 20220816095621.0 |
| 008 - Елементи от данни с фиксирана дължина | |
| fixed length control field | 180411b bul|||||r ||||||| ||bul|| |
| 020 ## - Международен стандартен номер на книга ISBN | |
| Международен стандартен номер на книга ISBN | 9789540751887 |
| 040 ## - Източник на каталожния запис | |
| Идентификатор на билиотеката - собственик на записа | BLK |
| 041 ## - Код за език | |
| Код за езика на текст/звукозапис или на отделно заглавие | Български |
| Код за езика КДБФ | Български |
| 080 ## - УДК | |
| Текстов определител УДК | Телевизия - като средство за комуникация |
| УДК код - определител по УДК | 075.2 |
| УДК - код + определител | 075.2 |
| 080 ## - УДК | |
| Текстов определител УДК | Онлайн социална мрежа. Социални медии Вж и 004.773.8 |
| УДК код - определител по УДК | 077.5 |
| УДК - код + определител | 077.5 |
| 100 ## - Редна дума - Автор | |
| R(LIN) | 1299 |
| Автор | Василева, Мая Димитрова |
| Авторска отговорност | първи автор |
| 139 ## - Редно поле | |
| Редна дума | Василева, Мая Димитрова |
| Авторски знак | Васи - В 24 |
| 245 ## - Сведения за заглавието | |
| Заглавие | Ерата на вечерното токшоу |
| Подзаглавни данни | Продуциране на вечерно токшоу за онлайн платформи : Монография |
| Редно поле (дума) | Мая Василева ; науч. ред. Иванка Мавродиева |
| 257 ## - Страна на издаване | |
| Страна на създаване/издаване | България |
| 260 ## - Област на издателските данни | |
| Място на издаване, разпространение и проч. | София |
| Име на издателя, разпространителя и проч. | Унив. изд. Климент Охридски |
| Година на издаване | 2021 |
| 9 (RLIN) | 216359 |
| Издателство - префикс ISBN | 954-07- |
| 300 ## - Физическа характеристика | |
| Страници | 270 с. |
| Размери/Мащаб | 20 см |
| Илюстрации и др. | с табл., с диагр. |
| 380 ## - Жанр | |
| Жанр | Общ отдел |
| 500 ## - Общи забележки | |
| Забележка | Биогр. данни за авт. отбелязани на гърба на кор. - Рец.: Милко Петров, Теодора Петрова. - Рез. на англ. ез. |
| 504 ## - Забележка за наличие на библиография и др | |
| Забележка за наличие на библиография и под. | Библиогр.: с. 254-263 |
| 650 #4 - Допълнително описание по предмет – тема | |
| Основно описание – тема или топоним | Телевизия, художествена |
| 9 (RLIN) | 301206 |
| 653 ## - Ключова дума – ненормативна | |
| Ключова дума | телевизия |
| 700 ## - Други автори (авторска отговорност) | |
| Лично име | Мавродиева-Георгиева, Иванка Тодорова |
| Автороска отговорност (Описва отношението между автора и произведението) | науч. ред. |
| 9 (RLIN) | 695 |
| 852 ## - Местоположение | |
| Форматна сигнатура | Цб 309301 |
| Фондова буква | Хранилище |
| 852 ## - Местоположение | |
| Фондова буква | Отдел Изкуство - подръчен фонд |
| Систематично-азбучна сигнатура | 0/В 24 М |
| 999 ## - СИСТЕМНИ КОНТРОЛНИ НОМЕРА | |
| Koha biblionumber | 433747 |
| Koha biblioitemnumber | 433747 |
| 942 ## - АРТИКУЛИ | |
| Вид на библиотечния материал | Книги |
| Скрит в OPAC | Не |
| Периодичен библиозапис | Да |
| 944 ## - СЪЗДАВАНЕ И РЕДАКЦИЯ на ЗАПИСА | |
| Създаване/Редакция | Създаване |
| Дата на регистрацията/редакция | 2021-10-13 |
| Служител, извършил регистрацията/редакцията | В. Т. |
| Код за отписване | Код за изгубен артикул | Източник на класификационната схема | Код за повреда | Коз за рестрикции | Код за отдаване | Артикулен № | Име на библиотеката - собственик | Име на библиотеката, в която се намира в момента | Статус (Текущо местоположение) | Дата на вписване в системата | Местоположение - отдел | Цена в лева | Систематично азбучна сигнатура | Баркод | Цена в евро | Служебен тип на артикула |
|---|---|---|---|---|---|---|---|---|---|---|---|---|---|---|---|---|
| Не е изгубен | Universal Decimal Classification | Не е повреден | само за читалня | ползва се в читалня | 857630 | Регионална библиотека "Любен Каравелов" Русе | Регионална библиотека "Любен Каравелов" Русе | Хранилище | 2021-10-18 | Хранилище | 18.00 | Цб 309301 | 120000860535 | 9.20 | Книги | |
| Не е изгубен | Universal Decimal Classification | Не е повреден | без рестрикции | заемане за дома | 900496 | Регионална библиотека "Любен Каравелов" Русе | Регионална библиотека "Любен Каравелов" Русе | Отдел Изкуство - подръчен фонд | 2022-08-17 | Отдел Изкуство - подръчен фонд | 18.00 | 0/В 24 М | 120000874266 | 9.20 | Книги |